01496cam a22003255a 4500001001000000003000400010005001700014008004100031020002500072040003600097082002500133245012800158250001200286260005000298300002900348490002500377500002400402504004200426520025300468650006600721650005900787650003000846651001000876653002400886700003400910710005200944942000800996999001701004952014901021017506027OSt20161016145251.0150821t2015 nju frb 001 0 eng d a9781119094661 (hbk.) aStDuBDSbengcStDuBDSdEG-ScBUE04a332.0240715bFIN22200aFinancial planning competency handbook /c[edited] by Charles R. Chaffin ; [Certified Financial Planner Board of Standards] a2nd ed. aHoboken : bJohn Wiley & Sons, Inc.,cc.2015. axxxiii, 907 p. ;c24 cm.0 aWiley finance series aIndex : p. 879-907. aIncludes bibliographical references.  a The official CFP guide for career excellence CFP Board Financial Planning Competency Handbook is the essential reference for those at any stage of CFP certification and a one-stop resource for practitioners looking to better serve their clients.  0aCertified Financial Planner ExaminationvStudy guides.2BUEsh 0aFinancial plannersxExaminationsvStudy guides.2BUEsh 0aFinance, Personal.2BUEsh 2BUEsh bBUSADMcOctober20161 aChaffin, Charles R. eeditor.20aCertified Financial Planner Board of Standards. 2ddc c22613d22585 00102ddc40708AcademicaMAINbMAINc1STd2016-10-16ePurchaseg1286.00h9154l0o332.0240715 FINp000034111r2025-07-15 00:00:00v1607.00yBB